LIBRARY ONLINE CATALOGUE

East African Education Directory (Record no. 15770)

MARC details
000 -LEADER
fixed length control field 00340nam a22001217a 4500
008 - FIXED-LENGTH DATA ELEMENTS--GENERAL INFORMATION
fixed length control field 160314b xxu||||| |||| 00| 0 eng d
020 ## - INTERNATIONAL STANDARD BOOK NUMBER
International Standard Book Number 0203599486
245 ## - TITLE STATEMENT
Title East African Education Directory
250 ## - EDITION STATEMENT
Edition statement 2014
260 ## - PUBLICATION, DISTRIBUTION, ETC. (IMPRINT)
Name of publisher, distributor, etc. Quality schools $ corporate uniforms
Date of publication, distribution, etc. 2014
300 ## - PHYSICAL DESCRIPTION
Extent 351p.
Other physical details ill.
942 ## - ADDED ENTRY ELEMENTS (KOHA)
Source of classification or shelving scheme Library of Congress Classification
Koha item type Reference
Call number prefix L971 .A35E27 2014 C.1
Holdings
Withdrawn status Lost status Source of classification or shelving scheme Not for loan Home library Current library Shelving location Date acquired Total Checkouts Full call number Barcode Date last seen Copy number Price effective from Koha item type
    Library of Congress Classification   Kabarak, Main Campus Kabarak, Main Campus Reference 14/03/2016   L971 .A35E27 2014 C.1 017347 14/03/2016 C.1 14/03/2016 Reference